Chronique rimée des derniers rois de Tolède et de la conquête de l'Espagne par les arabes / (Record no. 19884)
[ view plain ]
| 000 -LEADER | |
|---|---|
| campo de control de longitud fija | 01203nam a2200241 i 4500 |
| 001 - NÚMERO DE CONTROL | |
| campo de control | 19884 |
| 003 - IDENTIFICADOR DE NÚMERO DE CONTROL | |
| campo de control | ES-MaACL |
| 005 - FECHA Y HORA DE LA ÚLTIMA TRANSACCIÓN | |
| campo de control | 20251001201743.0 |
| 007 - CAMPO FIJO DE DESCRIPCIÓN FÍSICA--INFORMACIÓN GENERAL | |
| campo de control de longitud fija | t| |
| 008 - DATOS DE LONGITUD FIJA--INFORMACIÓN GENERAL | |
| campo de control de longitud fija | 021023s1885 fr ||||1| fre d |
| 130 0# - ENTRADA PRINCIPAL--TÍTULO UNIFORME | |
| Título uniforme | Chronica Muzarabica. |
| 9 (RLIN) | 158591 |
| 245 10 - MENCIÓN DEL TÍTULO | |
| Título | Chronique rimée des derniers rois de Tolède et de la conquête de l'Espagne par les arabes / |
| Mención de responsabilidad, etc. | éditée et annotée par le P. J. Tailhan. |
| 260 ## - PUBLICACIÓN, DISTRIBUCIÓN, ETC. | |
| Lugar de publicación, distribución, etc. | Paris : |
| Nombre del editor, distribuidor, etc. | Ernest Leroux, |
| Fecha de publicación, distribución, etc. | 1885. |
| 300 ## - DESCRIPCIÓN FÍSICA | |
| Extensión | XX, 205 p., XX h. de facs. heliograbados ; |
| Dimensiones | 45 cm. |
| 500 ## - NOTA GENERAL | |
| Nota general | Precede al tit.: Anonyme de Cordoue. |
| 500 ## - NOTA GENERAL | |
| Nota general | Texto latino, notas y comentarios en francés. |
| 500 ## - NOTA GENERAL | |
| Nota general | Reproduce el texto latino, titulado Epitoma imperatorum. Acompañan a esta obra los facsímiles de los códices de esta crónica, existentes en las Bib. de la Academia de la Historia y del Arsenal de Paris fotolitografiados. Algunos autores atribuyen esta crónica a Isidoro de Beja, de Badajoz o Pacense. |
| 500 ## - NOTA GENERAL | |
| Nota general | Algunos autores atribuyen esta crónica á Isidoro de Beja, de Badajoz ó Pacense. |
| 700 1# - ENTRADA AGREGADA--NOMBRE PERSONAL | |
| Nombre de persona | Tailhan, Jules, |
| Fechas asociadas al nombre | 1816-1891 |
| 9 (RLIN) | 158241 |
| 700 0# - ENTRADA AGREGADA--NOMBRE PERSONAL | |
| Nombre de persona | Isidoro Pacense. |
| 9 (RLIN) | 65570 |
| 852 ## - LOCALIZACIÓN | |
| Ubicación | ES-MaACL |
| Número de control de estantería | F-15977 |
| Estatus retirado | Estado de pérdida | Estado de daño | No para préstamo | Colección | Biblioteca de origen | Biblioteca actual | Ubicación en estantería | Fecha de adquisición | Fuente de adquisición | Total de préstamos | Signatura topográfica completa | Código de barras | Visto por última vez | Precio de reemplazo | Tipo de ítem Koha |
|---|---|---|---|---|---|---|---|---|---|---|---|---|---|---|---|
| Libros del s. XIX | Biblioteca del Ateneo de Madrid | Biblioteca del Ateneo de Madrid | Sala Pecera Planta 2 | 17/01/2008 | F-15977 | 1020365 | 23/02/2023 | 23/02/2023 | Libro impreso antiguo |
